The Clash - Statistics

General Stats
  • This quiz has been taken 428 times
    421 since last reset
  • The average score is 6 of 11
Answer Stats
Lyric Answer % Correct
The ice age is coming, the sun's zooming in, meltdown expected the wheat is growing thin London Calling
97%
The sheik he drove his Cadillac, He went a' cruisin' down the ville Rock the Casbah
83%
I left my baby and it feels so bad i guess my race is run I Fought the Law
74%
Say you stand by your man Tell me something I dont understand You said you love me and thats a fact Train in Vain
72%
An' everybody's doing just what they're told to, An' nobody wants to go to jail White Riot
55%
Well, I just got back an' I wish I never Leave now. Who dat Martian arrival at the airport? Safe European Home
39%
they said 'fly to amsterdam' the people laughed but the press went mad Complete Control
38%
Yankee detectives are always on the TV, cause the killers in America work 7 days a week I'm so Bored with the USA
36%
you see the rate they come down the escalator, Now listen to the tube train accelerator Clash City Rockers
32%
When we got thrown out i left without much fuss, at weekends we go dancing down streatham on the bus Stay Free
30%
waiting in the airport 'till kingdom come, an' we can watch you make it Tommy Gun
23%
No matching quizzes found
Score Distribution
Percent of People with Each Score
Percentile by Number Answered
Your Score History
You have not taken this quiz since the last reset